000 01185nam a22002415i 4500
001 162588
003 ES-MaACL
005 20250729063236.0
008 951113m18451848sp |||| | spa d
040 _aCARM
_bspa
_cCCPB | SIC
080 _a94(460)"1808/14"
080 _a94(460)"1814/33"
100 1 _aPríncipe, Miguel Agustín,
_d1811-1863
_9131397
245 1 0 _aTirios y troyanos
_b: historia tragi-comico-politica de la España del siglo XIX con observaciones tremendas sobre las vidas, hechos y milagros de nuestros hombres y animales públicos, escrita entre agri-dulce y joco-serio... /
_cpor Miguel Agustin Principe.
260 _aMadrid :
_b[s.n.],
_c1845-1848 (
_fImprenta de Pedro Mora y Soler, Imprenta de Baltasar Gonzalez)
300 _a2 v. (640, 650 p.) ;
_c21 cm.
530 _aDisponible en formato digital.
651 4 _aEspaña-
_xHistoria-
_y1808-1814, Guerra de la Independencia
_98244
651 4 _aEspaña-
_xHistoria-
_y1814-1833, Fernando VII
_98248
852 _aES-MaACL
_jF-2448
_z-- Enc. hol.
_z-- 2 t. en 1 v.
856 _uhttp://bdh-rd.bne.es/viewer.vm?id=0000012512&page=1
_zBiblioteca Digital Hispánica
999 _c162588
_d162588